00000000nas 2200000zi 4500
0019.505082
003CaOODSP
00520251030165515
006m     o  d f      
007cr cn ||||||||
008150406d19972015abcmr p o    f0   a0eng|d
022 |a1495-6543
040 |aCaOODSP|beng|erda|cCaOODSP
043 |an-cn-bc|an-cnp--
0861 |aC89-2/4E-PDF
2100 |aAccess West |b(Online)
222 0|aAccess West |b(Online)
24500|aAccess West.
264 1|aEdmonton, Alberta : |bWestern Economic Diversification Canada, |c[1997?-2015]
310 |aMonthly, |b2014-2015
321 |aQuarterly, |b1999-2004
321 |aFrequency varies, |b2005-2013
336 |atext|btxt|2rdacontent
337 |acomputer|bc|2rdamedia
338 |aonline resource|bcr|2rdacarrier
3621 |aBegan with fall 1997? Ceased with: July 2015.
500 |aPre-2007 issues of the print edition had provincial inserts. The electronic editions of the inserts were published separately until the merger. See also catalogue record for the print edition (C89-2/4E).
500 |aIssued also in French under title: Accès Ouest.
5203 |aAn update on programs and services for western Canadian entrepreneurs, their business success stories and news on innovative activities from across the West.
588 |aDescription based on: Winter 1997; title from PDF caption.
588 |aLatest issue consulted: July 2015.
650 0|aDiversification in industry|zCanada, Western|vPeriodicals.
651 0|aCanada|xEconomic conditions|vPeriodicals.
655 7|aPeriodicals|2lcgft
7101 |aCanada. |bWestern Economic Diversification Canada, |eissuing body.
77508|tAccès Ouest.|w(CaOODSP)9.501482
7760#|tAccess West |w(CaOODSP)9.515513